Home Print Resources E-Books E-Journals IIMT Lecture Series Library Membership Form Book Recommendation Form Campus Tour Take AdmissionAbout Us Contact Us

Op amp linear intgrated circuits (Record no. 17161)

000 -LEADER
fixed length control field 00406nam a2200169Ia 4500
003 - CONTROL NUMBER IDENTIFIER
control field OSt
005 - DATE AND TIME OF LATEST TRANSACTION
control field 20240213112033.0
008 - FIXED-LENGTH DATA ELEMENTS--GENERAL INFORMATION
fixed length control field 170619s9999 xx 000 0 und d
020 ## - INTERNATIONAL STANDARD BOOK NUMBER
International Standard Book Number 9788120308077
040 ## - CATALOGING SOURCE
Transcribing agency IIMT ENGINEERING COLLEGE
100 ## - MAIN ENTRY--PERSONAL NAME
Personal name Gayakwad R A
245 #0 - TITLE STATEMENT
Title Op amp linear intgrated circuits
260 ## - PUBLICATION, DISTRIBUTION, ETC.
Name of publisher, distributor, etc. Singapore; Pearson
260 ## - PUBLICATION, DISTRIBUTION, ETC.
Date of publication, distribution, etc. 2004
546 ## - LANGUAGE NOTE
Language note ENGLISH
942 ## - ADDED ENTRY ELEMENTS (KOHA)
Source of classification or shelving scheme
Koha item type Text-Book- for 7 days
Holdings
Withdrawn status Lost status Source of classification or shelving scheme Damaged status Not for loan Home library Current library Date acquired Source of acquisition Total Checkouts Barcode Date last seen Price effective from Koha item type
          IIMT Engineering College-BTech IIMT Engineering College-BTech 07/30/2004 22   06-B-8812 07/03/2017 07/03/2017 Text-Book- for 7 days
          IIMT Engineering College-BTech IIMT Engineering College-BTech 07/30/2004 22   06-B-8813 07/03/2017 07/03/2017 Text-Book- for 7 days
          IIMT Engineering College-BTech IIMT Engineering College-BTech 07/30/2004 22   06-B-8814 07/03/2017 07/03/2017 Text-Book- for 7 days
          IIMT Engineering College-BTech IIMT Engineering College-BTech 07/30/2004 22   06-B-8815 07/03/2017 07/03/2017 Text-Book- for 7 days
          IIMT Engineering College-BTech IIMT Engineering College-BTech 07/30/2004 22   06-B-8816 07/03/2017 07/03/2017 Text-Book- for 7 days
IIMT, Central Library. All Rights Reserved IIMT,UNIVERSITY © 2023
Implemented and Customised by I CLOUDE EMS
You Are OPAC Visitor No
free web counter

Powered by Koha